| 000 | 01042nam a2200265 4500 | ||
|---|---|---|---|
| 001 | 177252 | ||
| 003 | ES-MaACL | ||
| 005 | 20230907105509.0 | ||
| 008 | 110310s2009 sp aco |||| |dspa d | ||
| 017 | _aM 35031-2009 | ||
| 020 | _a9788492827008 | ||
| 080 | _a373.2/.5(460.27 M.)(091)(060.64) | ||
| 245 | 0 | 3 |
_aEl colegio "Estudio" _b: una aventura pedagógica en la España de la posguerra : [exposición]. |
| 260 |
_a[Madrid] : _bSociedad Estatal de Conmemoraciones Culturales : _bFundación Estudio, _cimp. 2009. |
||
| 300 |
_a380, [1] p. : _bil. col. y n., fot. ; _c25 cm. |
||
| 500 | _aÍndices. | ||
| 610 | 2 | 7 |
_aColegio "Estudio"- _xHistoria- _vExposiciones. _9145543 |
| 655 | 7 |
_2tgfbne _9193628 _aCatálogos de exposiciones |
|
| 710 | 2 |
_aSociedad Estatal de Conmemoraciones Culturales (España) _9134893 |
|
| 710 | 2 |
_aFundación "Estudio" _9145544 |
|
| 852 |
_aES-MaACL _9184069 _bR.145617 _jA-11020 _dOlim: N-4025 _cDEPO1 |
||
| 942 |
_2udc _cMONOGRAFIA |
||
| 999 |
_c177252 _d177252 |
||